[Event "Paris ch 2005"]
[Site "Paris FRA"]
[Date "2005.07.17"]
[Round "9.35"]
[White "Gonzalez Diaz, Julio"]
[Black "Morelle, Ludovic"]
[Result "0-1"]
[WhiteElo "2237"]
[BlackElo "2232"]
[PlyCount "122"]
[EventDate "2005.07.09"]
[EventType "swiss"]
[EventRounds "9"]
[EventCountry "FRA"]
[Source "lmi"]
[SourceDate "2005.07.17"]

1. e4 c5 2. Nc3 e6 3. Nge2 Nf6 4. g3 d5 5. exd5 Nxd5 6. Bg2 Nxc3 7. Nxc3 Be7 8.
d3 O-O 9. O-O Nd7 10. a4 Nf6 11. a5 Nd5 12. Nxd5 exd5 13. d4 c4 14. b3 cxb3 15.
c3 b2 16. Bxb2 Be6 17. Qb3 Rb8 18. Bc1 b5 19. Bf4 Rb7 20. a6 Rb6 21. Bd2 Qd6
22. Ra5 Rxa6 23. Rxb5 Ra3 24. Qb2 Qc6 25. Rb3 Rxb3 26. Qxb3 a5 27. Ra1 Bd8 28.
f4 Bc7 29. f5 Bxf5 30. Bxd5 Qg6 31. c4 Bc2 32. Qe3 a4 33. Rf1 Bf5 34. Bb4 Rc8
35. Qf3 Be6 36. Be4 Qg4 37. Qd3 h5 38. d5 Bb6+ 39. c5 Rxc5 40. Bxc5 Bxc5+ 41.
Kh1 Bd7 42. Bf3 Qg5 43. d6 Qe5 44. Qd5 Bd4 45. Qa8+ Kh7 46. Be4+ f5 47. Bd5
Qxd6 48. Qg8+ Kg6 49. Qf7+ Kh6 50. Rxf5 Bxf5 51. Qxf5 Qf6 52. Qxf6+ Bxf6 53.
Kg2 Kg5 54. Kf3 a3 55. Ke4 Bd8 56. h3 Bc7 57. Kf3 Kf5 58. Bf7 Ke5 59. Bg8 Kd4
60. Bf7 g5 61. g4 h4 0-1

[Event "Paris ch 2005"]
[Site "Paris FRA"]
[Date "2005.07.17"]
[Round "9.36"]
[White "Struk, Jerzy"]
[Black "Vasilescu, Victor"]
[Result "1-0"]
[WhiteElo "2232"]
[BlackElo "2208"]
[PlyCount "117"]
[EventDate "2005.07.09"]
[EventType "swiss"]
[EventRounds "9"]
[EventCountry "FRA"]
[Source "lmi"]
[SourceDate "2005.07.17"]

1. e4 c5 2. Nf3 e6 3. c3 Nf6 4. e5 Nd5 5. d4 cxd4 6. cxd4 b6 7. Nc3 Nxc3 8.
bxc3 Qc7 9. Bd2 d6 10. Bb5+ Nd7 11. O-O Be7 12. exd6 Bxd6 13. Re1 O-O 14. Bd3
Nf6 15. Bg5 Be7 16. Ne5 Nd5 17. Bxe7 Qxe7 18. Qh5 h6 19. Ng6 fxg6 20. Qxd5 Bd7
21. Bxg6 exd5 22. Rxe7 Rad8 23. Rae1 Rf6 24. Bc2 Rf7 25. R7e5 Bb5 26. Bb3 Rfd7
27. a3 Kf8 28. h4 Rd6 29. R1e3 Be8 30. Re7 R6d7 31. Rxd7 Rxd7 32. Ba4 Re7 33.
Rxe7 Kxe7 34. Bxe8 Kxe8 35. Kh2 Kd7 36. Kg3 Ke6 37. Kf4 g6 38. g4 Kf6 39. Ke3
Ke6 40. Kd3 b5 41. Ke3 Kf6 42. Kf4 Ke6 43. Ke3 Kf6 44. Kf3 Ke6 45. Kg3 Kf6 46.
f3 Ke6 47. h5 g5 48. f4 gxf4+ 49. Kxf4 Kf6 50. g5+ hxg5+ 51. Kg4 a6 52. h6 Kg6
53. h7 Kxh7 54. Kxg5 Kg7 55. Kf5 Kf7 56. Ke5 Ke7 57. Kxd5 Kd7 58. Kc5 Kc7 59.
d5 1-0

[Event "Paris ch 2005"]
[Site "Paris FRA"]
[Date "2005.07.17"]
[Round "9.37"]
[White "Lamorelle, Julien"]
[Black "Dudognon, Marc"]
[Result "1-0"]
[WhiteElo "2202"]
[BlackElo "2227"]
[PlyCount "57"]
[EventDate "2005.07.09"]
[EventType "swiss"]
[EventRounds "9"]
[EventCountry "FRA"]
[Source "lmi"]
[SourceDate "2005.07.17"]

1. e4 c5 2. Nf3 d6 3. d4 cxd4 4. Nxd4 Nf6 5. Nc3 a6 6. f4 e5 7. Nf3 Nbd7 8. a4
Qc7 9. Bd3 b6 10. O-O Bb7 11. Qe1 Be7 12. Nh4 g6 13. Nf3 Nc5 14. Ng5 h6 15. Nf3
O-O-O 16. b4 Ne6 17. a5 exf4 18. Nd5 Nxd5 19. exd5 Bxd5 20. Bxa6+ Kb8 21. Bb2
Rhe8 22. Qf2 g5 23. axb6 Qc6 24. Ra5 g4 25. Bb5 g3 26. hxg3 fxg3 27. Qe3 Qb7
28. Ra7 Qc8 29. Qa3 1-0

[Event "Paris ch 2005"]
[Site "Paris FRA"]
[Date "2005.07.17"]
[Round "9.38"]
[White "Zharkov, Hleb"]
[Black "Broca, Alexandre"]
[Result "1-0"]
[WhiteElo "2219"]
[BlackElo "2166"]
[PlyCount "75"]
[EventDate "2005.07.09"]
[EventType "swiss"]
[EventRounds "9"]
[EventCountry "FRA"]
[Source "lmi"]
[SourceDate "2005.07.17"]

1. d4 c5 2. d5 Nf6 3. Nc3 d6 4. e4 g6 5. h3 Bg7 6. Nf3 b6 7. a4 Na6 8. Bb5+ Nd7
9. O-O O-O 10. Bf4 Nb4 11. Re1 a6 12. Bxd7 Qxd7 13. Qd2 a5 14. Rac1 f6 15. Bh6
Qe8 16. Bxg7 Kxg7 17. Nh2 Bd7 18. b3 b5 19. axb5 Bxb5 20. f4 c4 21. bxc4 Bxc4
22. e5 dxe5 23. fxe5 Qd8 24. exf6+ exf6 25. d6 Qb6+ 26. Kh1 Rad8 27. Rcd1 h5
28. Nf3 Bf7 29. Re7 Qc5 30. Ne4 Qc4 31. Nxf6 Kxf6 32. Qg5+ Kg7 33. Ne5 Qxc2 34.
Rf1 Rxd6 35. Rfxf7+ Rxf7 36. Rxf7+ Kg8 37. Qh6 Qc1+ 38. Qxc1 1-0

[Event "Paris ch 2005"]
[Site "Paris FRA"]
[Date "2005.07.17"]
[Round "9.39"]
[White "Tillet, Louis-Juan"]
[Black "Leroux, Richard"]
[Result "1/2-1/2"]
[WhiteElo "2216"]
[BlackElo "2200"]
[PlyCount "41"]
[EventDate "2005.07.09"]
[EventType "swiss"]
[EventRounds "9"]
[EventCountry "FRA"]
[Source "lmi"]
[SourceDate "2005.07.17"]

1. e4 e5 2. Nf3 Nc6 3. Bb5 a6 4. Ba4 Nf6 5. d4 exd4 6. O-O Be7 7. e5 Ne4 8.
Nxd4 O-O 9. Nf5 d5 10. Bxc6 bxc6 11. Nxe7+ Qxe7 12. Re1 Re8 13. f3 Nd6 14. Bf4
Rb8 15. b3 Nf5 16. Qd2 Qc5+ 17. Qf2 Qd4 18. Qxd4 Nxd4 19. Na3 Bf5 20. Rac1 a5
21. Bd2 1/2-1/2

[Event "Paris ch 2005"]
[Site "Paris FRA"]
[Date "2005.07.17"]
[Round "9.40"]
[White "Larrat, Philippe"]
[Black "Guerin, Francois"]
[Result "1-0"]
[WhiteElo "2195"]
[BlackElo "2171"]
[PlyCount "35"]
[EventDate "2005.07.09"]
[EventType "swiss"]
[EventRounds "9"]
[EventCountry "FRA"]
[Source "lmi"]
[SourceDate "2005.07.17"]

1. e4 c5 2. c3 d5 3. exd5 Qxd5 4. d4 Nf6 5. Nf3 Nc6 6. Be3 cxd4 7. cxd4 e6 8.
Nc3 Qd6 9. Bd3 Be7 10. O-O O-O 11. Rc1 Nb4 12. Bb1 a6 13. Ne5 b6 14. Qf3 Qb8
15. a3 Bb7 16. Qh3 Nbd5 17. Nd7 Qd6 18. Nxd5 1-0

[Event "Paris ch Open A"]
[Site "Paris FRA"]
[Date "2005.07.09"]
[Round "1.1"]
[White "Toulzac, Pierre-Yves"]
[Black "Aouizerate, Robert"]
[Result "1/2-1/2"]
[WhiteElo "2274"]
[BlackElo "1989"]
[PlyCount "76"]
[EventDate "2005.07.09"]
[EventType "swiss"]
[EventRounds "9"]
[EventCountry "FRA"]
[Source "lmi"]
[SourceDate "2005.07.17"]

1. d4 Nf6 2. c4 g6 3. Nc3 d5 4. Nf3 Bg7 5. cxd5 Nxd5 6. Na4 O-O 7. e4 Nb6 8.
Be2 Nxa4 9. Qxa4 c5 10. dxc5 Qc7 11. Qa3 Nd7 12. Be3 Nf6 13. O-O Nxe4 14. Rac1
Be6 15. Nd4 Bxd4 16. Bxd4 Rfd8 17. Rfd1 a6 18. b4 f6 19. Qe3 Bd5 20. a4 e5 21.
Bb2 Ng5 22. Rxd5 Rxd5 23. Bc4 Rad8 24. Qb3 Qf7 25. Bxd5 Rxd5 26. f3 Rd2 27.
Qxf7+ Kxf7 28. Bc3 Ra2 29. Rd1 Ke7 30. Rd6 Ne6 31. Rb6 Nf4 32. Rxb7+ Ke6 33.
Rb6+ Kd5 34. Rd6+ Kc4 35. c6 Ne2+ 36. Kf1 Nxc3 37. c7 Ra1+ 38. Kf2 Ra2+ 1/2-1/2

[Event "Paris ch Open A"]
[Site "Paris FRA"]
[Date "2005.07.09"]
[Round "1.2"]
[White "De Lagontrie, Jean"]
[Black "Meenakshi, S."]
[Result "1/2-1/2"]
[WhiteElo "1988"]
[BlackElo "2273"]
[PlyCount "115"]
[EventDate "2005.07.09"]
[EventType "swiss"]
[EventRounds "9"]
[EventCountry "FRA"]
[Source "lmi"]
[SourceDate "2005.07.17"]

1. d4 Nf6 2. c4 c5 3. d5 b5 4. Nf3 Bb7 5. a4 bxc4 6. Nc3 d6 7. e4 g6 8. Bxc4
Bg7 9. O-O O-O 10. e5 dxe5 11. Nxe5 Na6 12. Bxa6 Bxa6 13. Re1 Qd6 14. Bf4 Nh5
15. Ne4 Qb8 16. Nxg6 Nxf4 17. Nxe7+ Kh8 18. Nxc5 Qd6 19. Nxa6 Qxa6 20. Qg4 Qf6
21. Rad1 Rad8 22. d6 Ng6 23. Nf5 Rfe8 24. Rxe8+ Rxe8 25. b4 Ne5 26. Qxg7+ Qxg7
27. Nxg7 Kxg7 28. f4 Ng6 29. g3 Rb8 30. a5 Nf8 31. Rd4 Kf6 32. Kf2 Nd7 33. g4
Ke6 34. Kf3 a6 35. g5 Rb5 36. h4 f5 37. h5 Nb8 38. Kg3 Rb7 39. Rc4 Kxd6 40. Rc5
Rf7 41. Rc8 Nc6 42. Kh4 Nxb4 43. g6 hxg6 44. hxg6 Rd7 45. Kg5 Nd5 46. Kh6 Ke7
47. g7 Nf6 48. g8=Q Nxg8+ 49. Rxg8 Rd5 50. Rg7+ Ke8 51. Kg6 Rxa5 52. Rf7 Ra1
53. Rxf5 a5 54. Kf6 a4 55. Ra5 a3 56. Ke6 Kd8 57. f5 a2 58. Kf7 1/2-1/2

[Event "Paris ch Open A"]
[Site "Paris FRA"]
[Date "2005.07.09"]
[Round "1.3"]
[White "Debray, Christopher"]
[Black "Stolovitch, Claude"]
[Result "1-0"]
[WhiteElo "2272"]
[BlackElo "1987"]
[PlyCount "93"]
[EventDate "2005.07.09"]
[EventType "swiss"]
[EventRounds "9"]
[EventCountry "FRA"]
[Source "lmi"]
[SourceDate "2005.07.17"]

1. e4 e5 2. Nf3 Nc6 3. Bb5 a6 4. Ba4 Nf6 5. O-O Be7 6. Re1 b5 7. Bb3 d6 8. c3
O-O 9. h3 Na5 10. Bc2 c5 11. d4 Qc7 12. Nbd2 Bb7 13. d5 Bc8 14. b3 Bd7 15. Nf1
Ne8 16. Ng3 g6 17. Qd2 Ng7 18. Qh6 Qd8 19. Ng5 Bxg5 20. Bxg5 f6 21. Bc1 Qe7 22.
h4 Nb7 23. Qe3 f5 24. Qg5 Qxg5 25. Bxg5 f4 26. Nf1 Rae8 27. a4 b4 28. cxb4 cxb4
29. Nd2 Nd8 30. Bxd8 Rxd8 31. Bd3 Bc8 32. Nc4 Rf7 33. Rec1 Ne8 34. Na5 Nf6 35.
Nc6 Rdf8 36. Nxb4 a5 37. Nc6 Nd7 38. Nxa5 Nc5 39. Bc2 Na6 40. Nc4 Rd8 41. a5
Rb7 42. Nb6 Kf7 43. Bd3 Nc5 44. Nxc8 Nxd3 45. a6 Rxb3 46. Rc7+ Kf6 47. a7 1-0

[Event "Paris ch Open A"]
[Site "Paris FRA"]
[Date "2005.07.09"]
[Round "1.4"]
[White "Doebele, Victor"]
[Black "Helstroffer, Arnaud"]
[Result "0-1"]
[WhiteElo "1985"]
[BlackElo "2264"]
[PlyCount "34"]
[EventDate "2005.07.09"]
[EventType "swiss"]
[EventRounds "9"]
[EventCountry "FRA"]
[Source "lmi"]
[SourceDate "2005.07.17"]

1. Nf3 e6 2. g3 f5 3. Bg2 Nf6 4. O-O Be7 5. c4 O-O 6. d3 d6 7. Qc2 e5 8. Nc3
Qe8 9. e4 Qh5 10. Nd5 Nc6 11. Nxc7 fxe4 12. dxe4 Bg4 13. Nxa8 Bxf3 14. Nc7 Nd4
15. Qd3 Ne2+ 16. Kh1 Ng4 17. h3 Qxh3# 0-1

[Event "Paris ch Open A"]
[Site "Paris FRA"]
[Date "2005.07.09"]
[Round "1.5"]
[White "Popov, Gueorgui"]
[Black "Sinai, Gerard"]
[Result "1-0"]
[WhiteElo "2263"]
[BlackElo "1983"]
[PlyCount "43"]
[EventDate "2005.07.09"]
[EventType "swiss"]
[EventRounds "9"]
[EventCountry "FRA"]
[Source "lmi"]
[SourceDate "2005.07.17"]

1. c4 c6 2. Nf3 d5 3. b3 Nf6 4. Bb2 g6 5. g3 Bg7 6. Bg2 O-O 7. O-O a5 8. d3 e6
9. a3 Nbd7 10. Nbd2 b6 11. Rc1 Bb7 12. Rc2 Rc8 13. Qa1 Ne8 14. Rfc1 Bxb2 15.
Qxb2 Qf6 16. d4 Ng7 17. e4 Qe7 18. h4 Qd6 19. b4 axb4 20. axb4 f5 21. exd5 cxd5
22. c5 1-0

[Event "Paris ch Open A"]
[Site "Paris FRA"]
[Date "2005.07.09"]
[Round "1.7"]
[White "Gervasio, Ricardo"]
[Black "Goujon, Antoine"]
[Result "1-0"]
[WhiteElo "2255"]
[BlackElo "1984"]
[PlyCount "55"]
[EventDate "2005.07.09"]
[EventType "swiss"]
[EventRounds "9"]
[EventCountry "FRA"]
[Source "lmi"]
[SourceDate "2005.07.17"]

1. e4 c5 2. a3 e5 3. Bc4 Nf6 4. Nc3 Be7 5. d3 O-O 6. f4 d6 7. Nf3 Nbd7 8. O-O
a6 9. a4 b6 10. fxe5 Nxe5 11. Nxe5 dxe5 12. Nd5 Be6 13. Nxe7+ Qxe7 14. Bg5 Bxc4
15. Bxf6 gxf6 16. dxc4 Rad8 17. Qf3 Rd6 18. Rad1 Rxd1 19. Rxd1 Rd8 20. Rd5 Kh8
21. Qf5 Rb8 22. b3 b5 23. axb5 axb5 24. cxb5 Rxb5 25. Qc8+ Kg7 26. Rd8 f5 27.
Rg8+ Kh6 28. Qc6+ 1-0

[Event "Paris ch Open A"]
[Site "Paris FRA"]
[Date "2005.07.09"]
[Round "1.9"]
[White "Ferre, Sebastien"]
[Black "Pozdnjakov, Evgueniy"]
[Result "0-1"]
[WhiteElo "1982"]
[BlackElo "2243"]
[PlyCount "70"]
[EventDate "2005.07.09"]
[EventType "swiss"]
[EventRounds "9"]
[EventCountry "FRA"]
[Source "lmi"]
[SourceDate "2005.07.17"]

1. d4 d5 2. Nf3 c6 3. c4 Nf6 4. Nc3 a6 5. e3 Bf5 6. cxd5 cxd5 7. Qb3 b5 8. Be2
Nc6 9. O-O Rc8 10. Qd1 e6 11. Bd2 h6 12. a4 b4 13. Na2 Qb6 14. Nc1 Bd6 15. Bd3
Bxd3 16. Nxd3 Nd7 17. Rc1 O-O 18. b3 Rc7 19. Nfe5 Bxe5 20. dxe5 a5 21. Qh5 Rfc8
22. f4 Ne7 23. Rxc7 Rxc7 24. Qd1 Nf5 25. Rf3 h5 26. Rh3 g6 27. g4 hxg4 28. Qxg4
Rc2 29. Qd1 Rc8 30. Kf2 Nc5 31. Nxc5 Qxc5 32. Kf3 Qc2 33. Qe2 Qe4+ 34. Kg4 Rc2
35. Rf3 Nd4 0-1

[Event "Paris ch Open A"]
[Site "Paris FRA"]
[Date "2005.07.09"]
[Round "1.10"]
[White "Lacrosse, Marc"]
[Black "Wunderman, Xavier"]
[Result "1-0"]
[WhiteElo "2242"]
[BlackElo "1982"]
[PlyCount "37"]
[EventDate "2005.07.09"]
[EventType "swiss"]
[EventRounds "9"]
[EventCountry "FRA"]
[Source "lmi"]
[SourceDate "2005.07.17"]

1. d4 Nf6 2. c4 g6 3. Nc3 Bg7 4. e4 d6 5. Nf3 O-O 6. Be2 e5 7. dxe5 dxe5 8.
Qxd8 Rxd8 9. Bg5 Re8 10. O-O-O c6 11. Nxe5 Nxe4 12. Nxe4 Bxe5 13. Rhe1 Be6 14.
f4 Bf5 15. Bf3 Bg7 16. Nf6+ Bxf6 17. Rxe8+ Kg7 18. Bxf6+ Kxf6 19. Rdd8 1-0

[Event "Paris ch Open A"]
[Site "Paris FRA"]
[Date "2005.07.10"]
[Round "2.1"]
[White "Saatdjian, Thomas"]
[Black "Debray, Christopher"]
[Result "1-0"]
[WhiteElo "2074"]
[BlackElo "2272"]
[PlyCount "103"]
[EventDate "2005.07.09"]
[EventType "swiss"]
[EventRounds "9"]
[EventCountry "FRA"]
[Source "lmi"]
[SourceDate "2005.07.17"]

1. Nf3 Nf6 2. c4 g6 3. Nc3 d5 4. cxd5 Nxd5 5. Qb3 Nb6 6. d4 Bg7 7. Bg5 O-O 8.
Rd1 h6 9. Bh4 c6 10. e3 N8d7 11. Be2 Qe8 12. a4 e5 13. a5 exd4 14. Nxd4 Nc5 15.
Qc2 Nbd7 16. O-O Ne6 17. Nxe6 Qxe6 18. Ne4 Be5 19. f4 Bc7 20. Rxd7 Bxd7 21.
Nf6+ Kh8 22. Qc3 Bxa5 23. Qxa5 Qxe3+ 24. Bf2 Qxe2 25. Nxd7 Qxb2 26. Nxf8 Rxf8
27. Qxa7 Rd8 28. Qe3 Qd2 29. Qe7 Rd7 30. Qf6+ Kg8 31. Re1 Rd8 32. f5 gxf5 33.
Qxf5 Qg5 34. Qh3 Kh7 35. Bh4 Qc5+ 36. Kh1 Rd5 37. Qc8 Rf5 38. Qxb7 Qc4 39. Qb1
Kg6 40. Bg3 h5 41. Qc1 Qxc1 42. Rxc1 Rf6 43. Kg1 Re6 44. Kf2 Rf6+ 45. Ke3 Re6+
46. Kd3 Kg5 47. Re1 Rg6 48. Re5+ f5 49. Ke3 Rf6 50. Bf4+ Kg6 51. Re8 Kf7 52.
Rh8 1-0

[Event "Paris ch Open A"]
[Site "Paris FRA"]
[Date "2005.07.10"]
[Round "2.2"]
[White "Helstroffer, Arnaud"]
[Black "Poelstra, Bernard"]
[Result "1-0"]
[WhiteElo "2264"]
[BlackElo "2070"]
[PlyCount "67"]
[EventDate "2005.07.09"]
[EventType "swiss"]
[EventRounds "9"]
[EventCountry "FRA"]
[Source "lmi"]
[SourceDate "2005.07.17"]

1. e4 e5 2. f4 exf4 3. Bc4 Nf6 4. Nc3 d6 5. d3 Be6 6. Bxe6 fxe6 7. Bxf4 Nc6 8.
Nf3 e5 9. Be3 Be7 10. Qe2 Qd7 11. O-O-O O-O-O 12. h3 d5 13. d4 Nxe4 14. Nxe4
dxe4 15. Nxe5 Qe6 16. Nxc6 Qxc6 17. Qg4+ Kb8 18. Qxg7 Bf6 19. Qf7 Rd7 20. Qb3
Rhd8 21. Rhf1 a5 22. d5 Qa6 23. c4 a4 24. Qc2 a3 25. b4 Bb2+ 26. Kb1 b5 27. c5
Rxd5 28. Rxd5 Rxd5 29. Rf8+ Ka7 30. c6+ Bd4 31. Qc3 Bb6 32. Bxb6+ Kxb6 33. Rb8+
Ka7 34. Rb7+ 1-0

[Event "Paris ch Open A"]
[Site "Paris FRA"]
[Date "2005.07.10"]
[Round "2.3"]
[White "Le, Remy"]
[Black "Popov, Gueorgui"]
[Result "0-1"]
[WhiteElo "2070"]
[BlackElo "2263"]
[PlyCount "161"]
[EventDate "2005.07.09"]
[EventType "swiss"]
[EventRounds "9"]
[EventCountry "FRA"]
[Source "lmi"]
[SourceDate "2005.07.17"]

1. e4 d5 2. exd5 Qxd5 3. Nc3 Qa5 4. Nf3 c6 5. d4 Nf6 6. Bd3 Bg4 7. h3 Bh5 8.
O-O e6 9. Ne4 Be7 10. Ng3 Bg6 11. Re1 Nbd7 12. c3 O-O 13. Bxg6 hxg6 14. Qe2 c5
15. dxc5 Qxc5 16. Be3 Qa5 17. a3 Rfc8 18. Rad1 b5 19. Nd4 a6 20. Bg5 Nf8 21.
Ne4 Qc7 22. Nxf6+ gxf6 23. Bh4 e5 24. Nc2 g5 25. Bg3 Bc5 26. Qf3 Qc6 27. Qf5
Qe6 28. Qe4 Rd8 29. h4 gxh4 30. Qxh4 Ng6 31. Qe4 f5 32. Qe2 f4 33. Bh2 Qb3 34.
Nb4 Bxb4 35. axb4 Rxd1 36. Rxd1 a5 37. bxa5 Rxa5 38. g3 b4 39. gxf4 exf4 40.
cxb4 Qxb4 41. Qd2 Rg5+ 42. Kf1 Qb5+ 43. Qd3 Qe5 44. Re1 Qa5 45. b4 Qa8 46. Qe4
Qa6+ 47. Qe2 Qb7 48. Qe4 Qb5+ 49. Qe2 Qxb4 50. Qd3 Rh5 51. Bg1 Ne5 52. Qe4 Qb5+
53. Qe2 Qxe2+ 54. Kxe2 f3+ 55. Ke3 f6 56. Ra1 Kf7 57. Kf4 Kg6 58. Ra8 Rh4+ 59.
Ke3 Kf5 60. Ra7 Rh1 61. Rg7 Ng6 62. Kxf3 Rxg1 63. Ra7 Ne5+ 64. Ke2 Rb1 65. Ra5
Rb2+ 66. Ke3 Rb3+ 67. Ke2 Rb4 68. Ra8 Kf4 69. Rf8 f5 70. Rh8 Rb2+ 71. Kf1 Ng4
72. Ra8 Rxf2+ 73. Kg1 Rb2 74. Rf8 Ne3 75. Rg8 Kf3 76. Kh1 f4 77. Rg1 Ng4 78.
Rf1+ Rf2 79. Ra1 Kg3 80. Ra3+ f3 81. Ra1 0-1

[Event "Paris ch Open A"]
[Site "Paris FRA"]
[Date "2005.07.10"]
[Round "2.4"]
[White "Landie, Thibault"]
[Black "Gervasio, Ricardo"]
[Result "0-1"]
[WhiteElo "2069"]
[BlackElo "2255"]
[PlyCount "32"]
[EventDate "2005.07.09"]
[EventType "swiss"]
[EventRounds "9"]
[EventCountry "FRA"]
[Source "lmi"]
[SourceDate "2005.07.17"]

1. e4 e6 2. d4 d5 3. Nc3 Bb4 4. e5 c5 5. a3 Bxc3+ 6. bxc3 Qa5 7. Bd2 Qa4 8. Qb1
c4 9. Be2 Nc6 10. Nf3 Nge7 11. O-O b5 12. g3 Bd7 13. Ne1 Nc8 14. Ng2 Nb6 15.
Ne3 Qa5 16. f4 Nxd4 0-1

[Event "Paris ch Open A"]
[Site "Paris FRA"]
[Date "2005.07.10"]
[Round "2.5"]
[White "Pozdnjakov, Evgueniy"]
[Black "Carrasco, Patrick"]
[Result "0-1"]
[WhiteElo "2243"]
[BlackElo "2066"]
[PlyCount "68"]
[EventDate "2005.07.09"]
[EventType "swiss"]
[EventRounds "9"]
[EventCountry "FRA"]
[Source "lmi"]
[SourceDate "2005.07.17"]

1. d4 Nf6 2. Nf3 g6 3. c4 Bg7 4. Nc3 d6 5. e4 O-O 6. Be2 e5 7. Be3 Ng4 8. Bg5
f6 9. Bh4 Qe8 10. d5 a5 11. Nd2 Nh6 12. f3 Na6 13. a3 Bd7 14. b3 f5 15. h3 Nf7
16. Bd3 Bh6 17. Nf1 Nc5 18. Bc2 fxe4 19. fxe4 Ng5 20. b4 axb4 21. axb4 Rxa1 22.
Qxa1 Na6 23. Qa3 Qf7 24. Bd3 Qf4 25. Bg3 Nf3+ 26. Kd1 Qf6 27. c5 Nd4 28. Ne2
Qg5 29. Qc3 dxc5 30. bxc5 Nxc5 31. Bxe5 Nxe2 32. Bxe2 Nxe4 33. Qb2 Qxg2 34. d6
Ba4+ 0-1

[Event "Paris ch Open A"]
[Site "Paris FRA"]
[Date "2005.07.10"]
[Round "2.6"]
[White "Fonseca, Luc"]
[Black "Lacrosse, Marc"]
[Result "0-1"]
[WhiteElo "2068"]
[BlackElo "2242"]
[PlyCount "45"]
[EventDate "2005.07.09"]
[EventType "swiss"]
[EventRounds "9"]
[EventCountry "FRA"]
[Source "lmi"]
[SourceDate "2005.07.17"]

1. c4 e6 2. Nf3 d5 3. d4 Nf6 4. g3 Be7 5. Bg2 O-O 6. O-O dxc4 7. Qc2 a6 8. Qxc4
b5 9. Qc2 Bb7 10. Bf4 Nc6 11. Rd1 Nb4 12. Qc1 Rc8 13. a3 Nbd5 14. Nc3 c5 15.
dxc5 Bxc5 16. Ne5 Qb6 17. Nd3 Nxc3 18. bxc3 Bxg2 19. Kxg2 Bd4 20. Ra2 Rxc3 21.
Rc2 Qc6+ 22. f3 Rxc2 23. Qb1 0-1

[Event "Paris ch Open A"]
[Site "Paris FRA"]
[Date "2005.07.10"]
[Round "2.7"]
[White "Xheladini, Mahmut"]
[Black "Bosel, Gunter"]
[Result "1-0"]
[WhiteElo "2242"]
[BlackElo "2051"]
[PlyCount "89"]
[EventDate "2005.07.09"]
[EventType "swiss"]
[EventRounds "9"]
[EventCountry "FRA"]
[Source "lmi"]
[SourceDate "2005.07.17"]

1. e4 c5 2. Nf3 Nc6 3. Nc3 e5 4. Bc4 Be7 5. Ne2 d6 6. c3 Nf6 7. Ng3 O-O 8. Qe2
Na5 9. Bd3 Be6 10. Bc2 h6 11. O-O c4 12. d4 cxd3 13. Bxd3 Nh7 14. b3 Qc7 15.
Bb2 Ng5 16. Nd2 a6 17. Rfd1 Rad8 18. Ndf1 Qc8 19. Ne3 g6 20. Rd2 f6 21. h4 Nf7
22. h5 g5 23. Ngf5 Rfe8 24. Nxe7+ Rxe7 25. Qf3 Kg7 26. Nd5 Bxd5 27. exd5 b5 28.
Qe4 f5 29. Qxf5 Qxf5 30. Bxf5 Nb7 31. b4 Rc7 32. a4 bxa4 33. Rxa4 Ra8 34. Bd3
a5 35. Rd1 Kf6 36. Rda1 Re8 37. Bb5 Rb8 38. bxa5 Nc5 39. Rb4 Rcb7 40. a6 Ra7
41. Bc6 Rc8 42. Rb6 Nd8 43. Ra5 Ke7 44. Ba3 Nxc6 45. dxc6 1-0

[Event "Paris ch Open A"]
[Site "Paris FRA"]
[Date "2005.07.10"]
[Round "2.8"]
[White "Peltrault, Frederic"]
[Black "Djukic, Victor"]
[Result "1-0"]
[WhiteElo "2202"]
[BlackElo "2050"]
[PlyCount "77"]
[EventDate "2005.07.09"]
[EventType "swiss"]
[EventRounds "9"]
[EventCountry "FRA"]
[Source "lmi"]
[SourceDate "2005.07.17"]

1. e4 e6 2. d4 d5 3. e5 c5 4. c3 Nc6 5. Nf3 Qb6 6. a3 a5 7. Bd3 cxd4 8. cxd4
Nge7 9. Nc3 Bd7 10. Na4 Qa7 11. Be3 Rb8 12. Nc3 Nd8 13. Qe2 g6 14. Bg5 Bg7 15.
Bf6 Bxf6 16. exf6 Ng8 17. Nxd5 Kf8 18. Nc3 Nxf6 19. Qe5 Kg7 20. Ne4 Nc6 21.
Qxf6+ Kg8 22. O-O b5 23. h4 h6 24. Rac1 Be8 25. h5 Ne7 26. hxg6 Nxg6 27. Nd6
Ne7 28. Nxe8 Rxe8 29. Bxb5 Rb8 30. a4 Rh7 31. Ne5 Nd5 32. Qh4 Kh8 33. Nc6 Qb6
34. Nxb8 Qxb8 35. Rc5 Nf4 36. Rfc1 Kg7 37. Qg3+ Kf6 38. Re5 Ng6 39. Rxe6+ 1-0

[Event "Paris ch Open A"]
[Site "Paris FRA"]
[Date "2005.07.10"]
[Round "2.9"]
[White "Chanoine, Guillaume"]
[Black "Vignier, Pascal"]
[Result "1/2-1/2"]
[WhiteElo "2200"]
[BlackElo "2049"]
[PlyCount "69"]
[EventDate "2005.07.09"]
[EventType "swiss"]
[EventRounds "9"]
[EventCountry "FRA"]
[Source "lmi"]
[SourceDate "2005.07.17"]

1. e4 Nf6 2. e5 Nd5 3. d4 d6 4. Nf3 g6 5. Bc4 Nb6 6. Bb3 Bg7 7. Ng5 O-O 8. Qf3
e6 9. Ne4 dxe5 10. dxe5 Bxe5 11. Nbc3 Nc6 12. Bh6 Nd4 13. Qh3 Bg7 14. Bxg7 Kxg7
15. O-O-O e5 16. Qg3 Qe7 17. h4 h5 18. f3 c5 19. a3 Bd7 20. Qf2 f5 21. Nd2 Be6
22. Bxe6 Qxe6 23. Rde1 Rad8 24. Qe3 Rfe8 25. Rhg1 Nd5 26. Nxd5 Qxd5 27. g4 hxg4
28. fxg4 f4 29. Qd3 c4 30. Nxc4 Nf3 31. Qxd5 Rxd5 32. Rd1 Rxd1+ 33. Rxd1 Nxh4
34. Rd7+ Kh6 35. Nd6 1/2-1/2

[Event "Paris ch Open A"]
[Site "Paris FRA"]
[Date "2005.07.11"]
[Round "3.1"]
[White "Agrech, Pierre"]
[Black "Helstroffer, Arnaud"]
[Result "0-1"]
[WhiteElo "2127"]
[BlackElo "2264"]
[PlyCount "70"]
[EventDate "2005.07.09"]
[EventType "swiss"]
[EventRounds "9"]
[EventCountry "FRA"]
[Source "lmi"]
[SourceDate "2005.07.17"]

1. c4 e6 2. Nf3 f5 3. d4 Nf6 4. Nc3 Bb4 5. Bd2 O-O 6. g3 b6 7. d5 Na6 8. dxe6
dxe6 9. Bg2 Ne4 10. O-O Bxc3 11. Bxc3 Nxc3 12. bxc3 Bb7 13. Qd4 Nc5 14. Rad1
Qe7 15. Qe5 Bxf3 16. Bxf3 Rad8 17. Rd4 Rd6 18. Rfd1 Rfd8 19. Bc6 Rxd4 20. cxd4
Qd6 21. Qxd6 Rxd6 22. Bf3 Na4 23. Rd2 c5 24. d5 Kf7 25. e4 Kf6 26. exf5 exd5
27. cxd5 Kxf5 28. Bg2 Nc3 29. h4 b5 30. Rd3 b4 31. Rd2 a5 32. Kf1 c4 33. Rc2 a4
34. Rb2 b3 35. axb3 a3 0-1

[Event "Paris ch Open A"]
[Site "Paris FRA"]
[Date "2005.07.11"]
[Round "3.2"]
[White "Popov, Gueorgui"]
[Black "Debeaune, Robin"]
[Result "1-0"]
[WhiteElo "2263"]
[BlackElo "2124"]
[PlyCount "115"]
[EventDate "2005.07.09"]
[EventType "swiss"]
[EventRounds "9"]
[EventCountry "FRA"]
[Source "lmi"]
[SourceDate "2005.07.17"]

1. c4 Nf6 2. g3 g6 3. Bg2 Bg7 4. Nc3 O-O 5. e3 d6 6. Nge2 c6 7. O-O Nbd7 8. Rb1
Rb8 9. b4 a6 10. d3 Qc7 11. a4 e5 12. h3 h6 13. Kh2 Rd8 14. e4 a5 15. b5 Nc5
16. Be3 Be6 17. Qd2 Kh7 18. f4 Qe7 19. Rf2 Ng8 20. f5 Bd7 21. Rbf1 g5 22. Rb1
Be8 23. Nc1 Nf6 24. Nb3 Nxb3 25. Rxb3 c5 26. Bf3 b6 27. Rb1 Bd7 28. Rh1 Bc8 29.
Kg1 Bb7 30. Qe2 Ng8 31. Kf1 Bf6 32. Rg2 Kg7 33. Nd1 Kf8 34. Qd2 Bg7 35. h4 f6
36. Nf2 Ke8 37. Bh5+ Kd7 38. Ng4 Rf8 39. Ke1 Rbd8 40. Rgh2 Kc8 41. Bg6 Kb8 42.
hxg5 hxg5 43. Rh7 Rd7 44. Nh2 Qd8 45. Nf1 Ka8 46. g4 Bc8 47. Ng3 Kb8 48. Nh5
Bh6 49. Nxf6 Rxf6 50. R7xh6 Nxh6 51. Rxh6 Rf8 52. Bxg5 Qc7 53. Qh2 Rg7 54. Qh4
d5 55. exd5 e4 56. dxe4 Qe5 57. Qh2 Qxh2 58. Rxh2 1-0